000 00805nam a2200229Ia 4500
003 OSt
005 20260127144039.0
008 220923b |||||||| |||| 00| 0 eng d
020 _a9781844078899
037 _cGeneral Book
040 _aRTL
_cRTL
_beng
041 _2eng
_aeng
100 _aMitchell Jonathan
_9280238
245 0 _aTourism and poverty reduction: pathways to prosperity.
_b
260 _aLondon
_bEarthscan
_c2010
300 _axiv, 157 p.
_bIncludes bibliographical references and index.
490 _aTourism, Environment and Development Series.
650 _aSociology
_91112111
700 _a Ashley Caroline
_9280239
_e Co-author
942 _h Y:434:(U8), Q0
_cGB
_2CC
_n0
999 _c565318
_d565318